Kuhn-Tucker optimality conditions in model of a monopoly production price differentiation

Na minha lista:
Detalhes bibliográficos
Autor principal: Fendeková, Eleonora, 1952-
Outros Autores: Fendek, Michal
Formato: Capítulo de Livro
Idioma:inglês
Tags: Adicionar Tag
Sem tags, seja o primeiro a adicionar uma tag!

MARC

LEADER 00000nla a2200000 4500
001 0176533
005 20240502083418.2
041 0 |a eng 
044 |a CZ 
245 1 0 |a Kuhn-Tucker optimality conditions in model of a monopoly production price differentiation  |c Eleonora Fendeková, Michal Fendek 
100 1 |a Fendeková, Eleonora, 1952- 
700 1 |a Fendek, Michal